[Event "GER-ch 2014-D email"]
[Site "GER email"]
[Date "2016.11.28"]
[Round "?"]
[White "Fischer, Detlev"]
[Black "Scholz, Gerfried"]
[Result "1/2-1/2"]
[WhiteElo "2338"]
[BlackElo "2260"]
[PlyCount "73"]
[EventDate "2016.??.??"]
[EventType "tourn (corr)"]
[EventRounds "12"]
[EventCountry "GER"]
[SourceTitle "Corr 2017"]
[Source "ChessBase"]
[SourceDate "2017.09.19"]
[SourceVersion "1"]
[SourceVersionDate "2017.09.19"]
[SourceQuality "1"]

1. c4 Nf6 2. d4 g6 3. Nc3 Bg7 4. e4 d6 5. Nf3 0-0 6. h3 e5 7. d5 Nbd7 8. Bg5 h6 9. Be3 a5 10. Bd3 Nh5 11. Bc2 Nf4 12. 0-0 Nb6 13. b3 Nd7 14. Re1 Re8 15. Ne2 Nxe2+ 16. Qxe2 Rf8 17. Rad1 b6 18. Qd2 Kh7 19. a3 Qe7 20. Qe2 Ra7 21. Qd2 Nc5 22. b4 Nd7 23. Kh1 Bb7 24. Ng1 Ba6 25. Bd3 Rfa8 26. Ne2 Qd8 27. Nc3 Bf8 28. bxa5 Be7 29. axb6 Nxb6 30. Qb2 Bg5 31. Bxb6 cxb6 32. Rb1 Bc8 33. Nb5 Ra5 34. Qb4 Be7 35. Bc2 Bd7 36. a4 Rc8 37. Bd3 1/2-1/2

[Event "GER-ch 2014-D email"]
[Site "GER email"]
[Date "2016.11.28"]
[Round "?"]
[White "Klapp, Herwig"]
[Black "Scholz, Gerfried"]
[Result "1/2-1/2"]
[WhiteElo "2260"]
[BlackElo "2260"]
[PlyCount "63"]
[EventDate "2016.??.??"]
[EventType "tourn (corr)"]
[EventRounds "12"]
[EventCountry "GER"]
[SourceTitle "Corr 2017"]
[Source "ChessBase"]
[SourceDate "2017.09.19"]
[SourceVersion "1"]
[SourceVersionDate "2017.09.19"]
[SourceQuality "1"]

1. d4 d5 2. c4 c6 3. Nf3 Nf6 4. Nc3 dxc4 5. a4 e6 6. e4 Bb4 7. Bg5 Bxc3+ 8. bxc3 Qa5 9. e5 Ne4 10. Bd2 Qd5 11. a5 c5 12. Qa4+ Bd7 13. Qxc4 Qxc4 14. Bxc4 0-0 15. Ke2 Bc6 16. Rhb1 Nxd2 17. Kxd2 Bxf3 18. gxf3 cxd4 19. cxd4 Nc6 20. Rxb7 Rfd8 21. Ke3 Rac8 22. Bd3 Nxd4 23. Ra4 Nc2+ 24. Bxc2 Rc3+ 25. Kf4 Rxc2 26. Kg3 h6 27. Rf4 Rc1 28. h3 Rg1+ 29. Kh2 Rdd1 30. Rfxf7 Rh1+ 31. Kg3 Rhg1+ 32. Kh2 1/2-1/2

[Event "GER-ch 2014-D email"]
[Site "GER email"]
[Date "2016.11.28"]
[Round "?"]
[White "Kocks, Friedhelm"]
[Black "Scholz, Gerfried"]
[Result "1/2-1/2"]
[WhiteElo "2336"]
[BlackElo "2260"]
[PlyCount "61"]
[EventDate "2016.??.??"]
[EventType "tourn (corr)"]
[EventRounds "12"]
[EventCountry "GER"]
[SourceTitle "Corr 2020"]
[Source "ChessBase"]
[SourceDate "2019.09.30"]
[SourceVersion "1"]
[SourceVersionDate "2019.09.30"]
[SourceQuality "1"]

1. e4 c5 2. Nf3 d6 3. d4 cxd4 4. Nxd4 Nf6 5. f3 Nc6 6. Nc3 e5 7. Nb3 Be7 8. Be3 0-0 9. Qd2 Be6 10. Nd5 a5 11. c4 a4 12. Nc1 Nd7 13. Ne2 h6 14. Nxe7+ Qxe7 15. Rd1 Na5 16. Nc3 Bxc4 17. Qxd6 Qxd6 18. Rxd6 Nf6 19. Bc1 a3 20. b4 Bxf1 21. Rxf1 Nc6 22. Bd2 Nxb4 23. Ke2 Rfc8 24. Rb1 Nc6 25. Nb5 Nh7 26. Rd7 Rcb8 27. Nc7 Nf8 28. Rd6 Rd8 29. Rd5 Rab8 30. Be3 h5 31. Rxd8 1/2-1/2

[Event "GER-ch 2014-D email"]
[Site "GER email"]
[Date "2016.11.28"]
[Round "?"]
[White "Scholz, Gerfried"]
[Black "Fischer, Wolfgang"]
[Result "1/2-1/2"]
[WhiteElo "2260"]
[BlackElo "2449"]
[PlyCount "45"]
[EventDate "2016.??.??"]
[EventType "tourn (corr)"]
[EventRounds "12"]
[EventCountry "GER"]
[SourceTitle "Corr 2017"]
[Source "ChessBase"]
[SourceDate "2017.09.19"]
[SourceVersion "1"]
[SourceVersionDate "2017.09.19"]
[SourceQuality "1"]

1. e4 c5 2. f4 d5 3. exd5 Nf6 4. Bb5+ Nbd7 5. c4 a6 6. Bxd7+ Bxd7 7. Nf3 e6 8. dxe6 Bxe6 9. d3 Bd6 10. Nc3 0-0 11. 0-0 Re8 12. h3 Nh5 13. Ne5 Ng3 14. Re1 Nf5 15. Nf3 Bd7 16. Rxe8+ Bxe8 17. Qe2 Bc6 18. Bd2 Bc7 19. Re1 Ng3 20. Qf2 Nf5 21. Qe2 Ng3 22. Qe7 Nf5 23. Qe2 1/2-1/2

[Event "GER-ch 2014-D-V9 serv"]
[Site "GER email"]
[Date "2014.09.29"]
[Round "?"]
[White "Ackermann, Emil"]
[Black "Scholz, Gerfried"]
[Result "1/2-1/2"]
[WhiteElo "2000"]
[BlackElo "2005"]
[PlyCount "89"]
[EventDate "2014.10.06"]
[EventType "tourn (corr)"]
[EventRounds "6"]
[EventCountry "GER"]
[SourceTitle "Corr 2020"]
[Source "ChessBase"]
[SourceDate "2019.09.30"]
[SourceVersion "1"]
[SourceVersionDate "2019.09.30"]
[SourceQuality "1"]

1. e4 c5 2. Nf3 d6 3. d4 cxd4 4. Nxd4 Nf6 5. Nc3 a6 6. Be2 e6 7. f4 Be7 8. 0-0 0-0 9. Be3 e5 10. Nf5 Bxf5 11. exf5 Nc6 12. Bf3 Rc8 13. Rb1 b5 14. Nd5 exf4 15. Bxf4 Ne5 16. c3 Re8 17. Re1 Nxf3+ 18. Qxf3 Nxd5 19. Qxd5 Qd7 20. Rbd1 Bf6 21. h3 h5 22. a3 Rxe1+ 23. Rxe1 Rc5 24. Qa8+ Rc8 25. Qxa6 d5 26. Rd1 Re8 27. Bg3 h4 28. Bf2 Kh7 29. a4 bxa4 30. Qd3 Rb8 31. Rd2 Qe8 32. Qf3 d4 33. cxd4 Qc8 34. Qd1 Rb4 35. Qh5+ Kg8 36. Qe2 Rb8 37. Qd1 Bg5 38. Re2 Qc1 39. Qxc1 Bxc1 40. Re7 Bxb2 41. Ra7 a3 42. Kf1 Rb5 43. Ke2 Rxf5 44. Bxh4 Bxd4 45. Rxa3 1/2-1/2

[Event "GER-ch 2014-D-V9 serv"]
[Site "GER email"]
[Date "2014.09.29"]
[Round "?"]
[White "Grube, Andreas"]
[Black "Scholz, Gerfried"]
[Result "1/2-1/2"]
[WhiteElo "2111"]
[BlackElo "2005"]
[PlyCount "104"]
[EventDate "2014.10.06"]
[EventType "tourn (corr)"]
[EventRounds "6"]
[EventCountry "GER"]
[SourceTitle "Corr 2020"]
[Source "ChessBase"]
[SourceDate "2019.09.30"]
[SourceVersion "1"]
[SourceVersionDate "2019.09.30"]
[SourceQuality "1"]

1. Nf3 c6 2. c4 d5 3. e3 Nf6 4. Nc3 a6 5. d4 Bf5 6. Bd3 Bxd3 7. Qxd3 e6 8. 0-0 Be7 9. e4 dxe4 10. Nxe4 0-0 11. Bf4 Nxe4 12. Qxe4 Nd7 13. h3 Re8 14. Rfe1 Nf8 15. Rad1 Qa5 16. a3 Ng6 17. Bd2 Qh5 18. Bc3 Rad8 19. Rd3 Bd6 20. Bd2 h6 21. a4 Re7 22. a5 Red7 23. b4 Ne7 24. Bc3 Qf5 25. Qe2 Ng6 26. Qe4 Qxe4 27. Rxe4 Be7 28. g3 Bf6 29. Re1 e5 30. Re4 exd4 31. Bxd4 Be7 32. c5 Bf8 33. Rd2 Ne7 34. Ne5 Rd5 35. Nf3 f5 36. Ree2 g5 37. Bc3 Rxd2 38. Bxd2 Ng6 39. h4 g4 40. Ne1 f4 41. Bc3 f3 42. Re6 Ne7 43. Rd6 Rxd6 44. cxd6 Nd5 45. d7 Be7 46. Bd2 Nf6 47. Bxh6 Nxd7 48. Nd3 c5 49. bxc5 Nxc5 50. Nxc5 Bxc5 51. Be3 Bb4 52. Bb6 Kf7 1/2-1/2

[Event "GER-ch 2014-D-V9 serv"]
[Site "GER email"]
[Date "2014.09.29"]
[Round "?"]
[White "Scholz, Gerfried"]
[Black "Eschert, Uwe"]
[Result "1/2-1/2"]
[WhiteElo "2005"]
[BlackElo "2089"]
[PlyCount "38"]
[EventDate "2014.10.06"]
[EventType "tourn (corr)"]
[EventRounds "6"]
[EventCountry "GER"]
[SourceTitle "Corr 2020"]
[Source "ChessBase"]
[SourceDate "2019.09.30"]
[SourceVersion "1"]
[SourceVersionDate "2019.09.30"]
[SourceQuality "1"]

1. e4 c5 2. f4 g6 3. d3 Bg7 4. Nf3 Nc6 5. Be2 Nf6 6. c3 0-0 7. 0-0 d6 8. Na3 Rb8 9. Nc2 b5 10. Bd2 a5 11. a3 a4 12. Qe1 Na5 13. e5 Nd7 14. d4 Nc4 15. e6 fxe6 16. Bxc4 bxc4 17. Ng5 Nf6 18. Nxe6 Bxe6 19. Qxe6+ Kh8 1/2-1/2